000 00901nam a2200277 a 4500
001 50778
003 BD-RjUL
005 20211209075549.0
008 160828s1980 maua b 001 0 eng
020 _a020506910X :
_c$14.95
035 _a(BD-RjUL)50898
040 _aDLC
_cDLC
_dDLC
_dBD-RjUL
_beng
041 _aeng
082 0 0 _223
_a515
_bCOA 1980
100 1 _aCoughlin, Raymond F.
_9152004
245 1 0 _aApplied calculus /
_cRaymond F. Coughlin.
250 _a2d ed.
260 _aBoston :
_bAllyn and Bacon,
_cc1980.
300 _axvii, 383, [45] p. :
_bill. ;
_c24 cm.
500 _aAn expanded version of the 2d ed. of the author's Elementary applied calculus published in 1978.
500 _a"Index to mathematical models" on lining papers.
504 _aIncludes bibliography: p. A40-A41 and index.
650 0 _aCalculus.
_9152005
942 _2ddc
_cBK
999 _c50778
_d50778